Bienvenue à la Médiathèque de Saint-Andiol
banniere
Accueil Recherche avancée Mon compte
handi1 Rechercher dans le catalogue

Filtre   Mots-clés
  Recherche avancée
 
Lister les dernières nouveautés
 
Lister les livres GROS CARACTERES
 
Lister les périodiques (magazines)

handi1 Lune stellaire

Book Cover
Auteur principal : Shannon Messenger
Autres auteurs : Mathilde Tamae-Bouhon Laureline Chaplain
Titre : Lune stellaire
Support : Livres
Langue : Francais
Publié : DL 2025 Pocket jeunesse Paris
Series : Gardiens des cités perdues
Genre : Science fiction
Collection : Gardiens des cités perdues
Sujets :
Étiquettes :
Pas de tags
LEADER 01528nam0a2200241 450
001 16868381
010 |a 978-2-266-34654-2  |b br.  |d 9,2 € 
100 |a 20260529d2026 u u0frey01 ba 
101 1 |a fre  |c eng 
102 |a FR 
200 0 |a Lune stellaire  |f Shannon Messenger  |g traduit de l'anglais (Etats-Unis) par Mathilde Tamae-Bouhon et Laureline Chaplain 
207 1 |a   
210 |a Paris  |c Pocket jeunesse  |d DL 2025 
215 |a 1 vol. (715 p.)  |d 18 cm 
225 1 |a Gardiens des cités perdues  |v 9 
330 |a Vous rêvez de visiter l'Atlantide ou la mythique cité de Shangri-la ? Suivez le guide ! Sophie a frappé un grand coup. Lassée de voir ses ennemis prendre sans cesse plusieurs longueurs d´avance sur elle, la jeune fille a mis le feu aux poudres en provoquant les Invisibles sur leurs propres terres. Hélas, à l'heure où ses amis sont divisés et dispersés, son audace risque bien de se retourner contre elle. Malgré le danger, son instinct la pousse à enquêter sur le projet Lune stellaire et sur Elyseus. Mais dévoiler la vérité exige toujours des sacrifices. Or les plans des Invisibles se révèlent terrifiants. Le plus grand mensonge des elfes pourrait bien tout détruire... 
461 0 |t Gardiens des cités perdues  |v 9 
700 0 |a Messenger  |b Shannon  |4 70 
702 0 |a Tamae-Bouhon  |b Mathilde  |4 730 
702 0 |a Chaplain  |b Laureline  |4 730 
900 |a Science fiction 
901 |a Jeunesse 
995 |a Médiathèque  |c Médiathèque  |f 089021941  |h 089021941  |k J MES 9 SF  |o p  |q j  |r az  |e Médiathèque